Créatures fantastiques - Statistiques

Statistiques générales
  • Ce quiz a été pris 3 764 fois
  • Le résultat moyen est 18 sur 30
Statistiques - réponses
Hint Réponse % Correct
11 Créature moitié femme, moitié poisson. sirène
93%
1 Moitié cheval, moitié homme. centaure
92%
3 Souffle souvent du feu. dragon
92%
14 Cheval doté d'une immense corne aux propriétés magiques. Rare. licorne
92%
22 Dangereux les jours de pleine lune. loup-garou
92%
4 Renaît de ses cendres. Ami de Dumbledore. phénix
91%
9 Monstre doté d'un seul oeil. Enfants de Poséidon. cyclope
89%
23 Mort-vivant lent, animé par la faim. zombie
88%
17 Craint le soleil. vampire
87%
12 Moitié homme, moitié taureau. Vit souvent dans un labyrinthe. minotaure
84%
26 Créature magique souvent enfermé à l'intérieur d'un objet comme une lampe. génie
82%
21 Ennemis des anges. démons
77%
6 Gardien des enfers. cerbère
76%
16 Pose des enigmes. sphinx
70%
7 Plusieurs têtes. Adversaire d'Hercule. hydre
68%
24 minuscule créature. Devient dangereuse si mouillé ou nourri après minuit. gremlin
62%
19 Grande créature à la force prodigieuse. Stupide. troll
56%
5 Moitié lion, moitié aigle. griffon
54%
30 Mort-vivant doté de pouvoirs magiques, commande d'autre morts. Associé à l'Egypte. momie
51%
8 Mi lion, mi aigle, mi serpent. Maléfique. chimère
45%
2 Buste et tête d'homme, corps de bouc. Similaire à Pan, le dieu de la Nature. satyre
44%
25 Créature humanoïde vêtu de vert, associé au vert, à la chance et au folklore irlandais. leprechaun
39%
18 Créature petite, à la peau verte, vit dans des grottes en groupe. gobelin
36%
27 Arbre millénaire, peu social, polyglotte et mobile. ents
32%
20 Immense monstre marin, de forme draconique. Extrêmement puissant. leviathan
25%
13 Serviteur des sorciers, esclave pour les uns, être doté de droit pour les autres. elfe de maison
24%
29 Fantôme maléfique. Parfois doté de pouvoirs. spectre
23%
15 Moitié cheval, moitié aigle. hypogriffe
22%
10 Sorcier mort. Maléfique. Doté de puissants pouvoirs magiques. liche
13%
28 Double maléfique d'une personne. Parfois décrit comme une créature polymorphe. doppelganger
11%
Aucun quiz correspondant
Distribution des résultats
% des personnes avec chaque résultat
Percentile par nombre de réponses
Votre historique - résultats
Vous n’avez pas pris ce quiz